| 000 | 01076nam a2200313 i 4500 | ||
|---|---|---|---|
| 001 | bg | ||
| 100 | 1 | _aGIELNICKA, Izabella | |
| 245 | 1 | 0 |
_aBudowanie public relations / _cIzabella Gielnicka, Krystyna Warchala, Ryszard Dobrowolski ; Biuro Koordynacji Projektu Banku Światowego. |
| 260 |
_aWrocław : _b"Safege" : _bBKPBŚ, _ccop. 2001. |
||
| 300 |
_a137 s. : _bil. ; _c23 cm. |
||
| 490 | 1 | _aOgraniczanie Skutków Powodzi w Skali Lokalnej | |
| 504 | _aBibliogr. | ||
| 650 | 9 |
_aPowódź _xzapobieganie i zwalczanie _xmetody |
|
| 650 | 9 | _aPublic relations | |
| 650 | 9 | _aSamorząd terytorialny a powódź | |
| 650 | 9 |
_aPowódź _xzagadnienia |
|
| 655 | _aPodręczniki | ||
| 700 | 1 | _aWARCHALA, Krystyna | |
| 700 | 1 | _aDOBROWOLSKI, Ryszard | |
| 710 | 0 | _aBiuro Koordynacji Projektu Banku Światowego (Wrocław) | |
| 830 | _aOgraniczanie Skutków Powodzi w Skali Lokalnej | ||
| 020 | _a8391497488 | ||
| 040 | _cBPK | ||
| 041 | 0 | _apl | |
| 080 | _a556.166:659.4:352/353](07) | ||
| 920 | _a83-914974-8-8 | ||
| 942 | _cKS | ||
| 008 | s pl f |000 0 pol | ||
| 999 |
_c42239 _d42239 |
||
| 856 |
_uhttp://koha.tu.koszalin.pl/cgi-bin/koha/opac-detail.pl?biblionumber=42239 _yKatalog online BPK |
||